Learning Resource and Development

The handbook of discourse analysis (Record no. 11139)

MARC details
000 -LEADER
fixed length control field 00948nam a22003017a 4500
005 - DATE AND TIME OF LATEST TRANSACTION
control field 20230512223659.0
008 - FIXED-LENGTH DATA ELEMENTS--GENERAL INFORMATION
fixed length control field 210111t xxu||||| |||| 00| 0 eng d
020 ## - INTERNATIONAL STANDARD BOOK NUMBER
International Standard Book Number 9781119039778
040 ## - CATALOGING SOURCE
Transcribing agency CSPC
082 0# - DEWEY DECIMAL CLASSIFICATION NUMBER
Classification number 401.41
Item number H191
245 00 - TITLE STATEMENT
Title The handbook of discourse analysis
250 ## - EDITION STATEMENT
Edition statement Second
Remainder of edition statement Edition
260 ## - PUBLICATION, DISTRIBUTION, ETC.
Place of publication, distribution, etc. United Kingdom :
Name of publisher, distributor, etc. John Wiley & Sons, Inc.,
Date of publication, distribution, etc. 2018.
300 ## - PHYSICAL DESCRIPTION
Extent xx, 952 pages :
Other physical details figures, tables ;
Dimensions 26 cm.
336 ## - CONTENT TYPE
Source rdacontent
Content type term text
337 ## - MEDIA TYPE
Source rdamedia
Media type term unmediated
338 ## - CARRIER TYPE
Source rdacarrier
Carrier type term volume
500 ## - GENERAL NOTE
General note Includes index,
504 ## - BIBLIOGRAPHY, ETC. NOTE
Bibliography, etc. note Includes bibliographical references.
650 10 - SUBJECT ADDED ENTRY--TOPICAL TERM
Topical term or geographic name entry element Discourse analysis
General subdivision Handbooks, manuals, etc.
700 1# - ADDED ENTRY--PERSONAL NAME
Personal name Deborah Tannen
Relator term editor
700 1# - ADDED ENTRY--PERSONAL NAME
Personal name Heidi E. Hamilton
Relator term editor
700 1# - ADDED ENTRY--PERSONAL NAME
Personal name Deborah Schiffrin
Relator term editor
940 ## - EQUIVALENCE OR CROSS-REFERENCE--UNIFORM TITLE [OBSOLETE] [CAN/MARC only]
Uniform title <a href="Lenie">Lenie</a>
942 ## - ADDED ENTRY ELEMENTS (KOHA)
Koha item type
-- CIR 401.41 H191 2018
Holdings
Withdrawn status Lost status Damaged status Not for loan Home library Current library Shelving location Date acquired Total Checkouts Full call number Barcode Date last seen Date last checked out Copy number Price effective from Koha item type
        Main Library Main Library Circulation Section 05/12/2023 2 CIR 401.41 H191 2018 022337 10/13/2025 09/29/2025 1-1 05/12/2023 Books